The Countryside Code - cold comfort for farmers (Record no. 118218)

MARC details
000 -LEADER
fixed length control field 01039cam a2200241 4500
001 - CONTROL NUMBER
control field ABS68391
008 - FIXED-LENGTH DATA ELEMENTS--GENERAL INFORMATION
fixed length control field 041025n2004 000 0 eng u
035 ## - SYSTEM CONTROL NUMBER
System control number (Sirsi) u127815
100 ## - MAIN ENTRY--PERSONAL NAME
Personal name Sydenham, A.
245 #4 - TITLE STATEMENT
Title The Countryside Code - cold comfort for farmers
260 ## - PUBLICATION, DISTRIBUTION, ETC.
Date of publication, distribution, etc. 2004
490 ## - SERIES STATEMENT
Series statement Farm Tax Brief
Volume/sequential designation 19(8) October 2004, 7-8(2)
520 ## - SUMMARY, ETC.
Summary, etc. Describes how land managers feel now that the new Countryside Code has imposed more liabilities on the landowners than on the walkers. Illustrates this point using the case "Wilson v Donaldson" ([2004] EWCA Civ 972, unreported) where a farmer, Mr Wilson, was held by the CA to be liable to Mr Donaldson for injuries caused by Mr Wilson's cattle straying onto a B road, following walkers leaving a gate open into poorly maintained adjoining land.
590 ## - LOCAL NOTE (RLIN)
Local note ABS
590 ## - LOCAL NOTE (RLIN)
Local note ABS
650 ## - SUBJECT ADDED ENTRY--TOPICAL TERM
Topical term or geographic name entry element COUNTRYSIDE CODE
650 ## - SUBJECT ADDED ENTRY--TOPICAL TERM
Topical term or geographic name entry element WILSON V DONALDSON
650 ## - SUBJECT ADDED ENTRY--TOPICAL TERM
Topical term or geographic name entry element LIABILITIES
650 ## - SUBJECT ADDED ENTRY--TOPICAL TERM
Topical term or geographic name entry element LANDOWNERS
650 ## - SUBJECT ADDED ENTRY--TOPICAL TERM
Topical term or geographic name entry element DUTY OF CARE
690 ## - LOCAL SUBJECT ADDED ENTRY--TOPICAL TERM (OCLC, RLIN)
Topical term or geographic name as entry element RURAL-CASE LAW
942 ## - ADDED ENTRY ELEMENTS (KOHA)
Suppress in OPAC 0
Holdings
Withdrawn status Lost status Source of classification or shelving scheme Damaged status Not for loan Home library Current library Shelving location Date acquired Total Checkouts Full call number Barcode Date last seen Copy number Price effective from Koha item type
    Dewey Decimal Classification     London London Journal article 25/10/2004   ABS68391 127815-1001 06/08/2019 1 06/08/2019 Journal article